| 000 | 00807nam a22002417a 4500 | ||
|---|---|---|---|
| 003 | OSt | ||
| 005 | 20140310181920.0 | ||
| 008 | 130718t xxu||||| |||| 00| 0 eng d | ||
| 020 | _a9780471244509 | ||
| 050 |
_aTT 869.5 _b.Sa25 1998 |
||
| 082 |
_aTR 745.5 _bS25 1998 |
||
| 100 |
_aSaltveit, Elin Kordahl _91604 |
||
| 245 |
_aComputer fun for everyone : _bgreat things to do and make with any computer / _cby Elin Kordhal Saltveit with Mark Saltveit. |
||
| 260 |
_aNew York : _bJohn Wiley & Sons, Inc, _cc1998. |
||
| 300 |
_a118 p. : _bill. ; _c21 cm. |
||
| 500 | _aIncludes index. | ||
| 521 | _aFaculty | ||
| 541 | _j1 | ||
| 562 | _e1 | ||
| 650 |
_aComputer art _xJuvenile literature _91605 |
||
| 650 |
_aHandicraft _xData processing _xJuvenile literature _91606 |
||
| 942 |
_2lcc _cBK-TR _kTR |
||
| 999 |
_c6969 _d6969 |
||